000
00377nam a2200181Ia 4500
003
IT-RoPAU
008
120407s9999 xx 000 0 und d
040
_a
IT-RoPAU
040
_c
IT-RoPAU
100
_a
Novello Pederzini
245
_a
L'uomo nuovo
260
_a
Ed. Calderini
300
_c
cm
490
_v
1
600
_a
2 copia a parte
942
_c
BK
999
_c
2869
_d
2869